Catalog

Record Details

Catalog Search



Stromy : v Evropě zdomácnělé a zavedené druhy  Cover Image Book Book

Stromy : v Evropě zdomácnělé a zavedené druhy / Bruno P. Kremer ; [ilustroval Hans Held ; z němčiny přeložil Josef Poláček]

Kremer, Bruno P., 1946- (Author). Poláček, Josef (Author of introduction, etc.). Held, Hans, 1914-1995 (Illustrator).

Record details

  • ISBN: 80-85830-92-2
  • ISBN: 80-7176-184-2
  • Physical Description: 287 s. : il. (většinou barev.) ; 20 cm
  • Publisher: Praha : Knižní klub : 1995

Content descriptions

General Note:
Terminol. slovníček
Pozn. o autorech
Bibliography, etc. Note:
Názvový rejstřík
Subject: stromy > Evropa
Genre: fotografické publikace
atlasy

Available copies

  • 1 of 1 copy available at Common Catalog SPOK.

Holds

  • 0 current holds with 1 total copy.
Show Only Available Copies
Location Call Number / Copy Notes Barcode Shelving Location Status Due Date
KDS Library 5 KrB 204576802979 Library Available -

LDR 01439nam a2200445 4500
00122361
003CZ-PrJAB
00520150721134016.0
007tu
008950213s1995 xr a e 001 0 cze
015 . ‡acnb000103633
020 . ‡a80-85830-92-2 ‡q(Ikar : ‡qváz.)
020 . ‡a80-7176-184-2 ‡q(Knižní klub : ‡qváz.)
035 . ‡a(CZ PrNK)np9537586
035 . ‡a(OCoLC)36600571
040 . ‡aABA001 ‡bcze
0411 . ‡acze ‡hger
043 . ‡ae------
072 7. ‡a58 ‡xBotanika ‡2Konspekt ‡92
080 . ‡a582.091 ‡2MRF
080 . ‡a(4) ‡2MRF
080 . ‡a(084.12) ‡2MRF
080 . ‡a(084.42) ‡2MRF
1001 . ‡aKremer, Bruno P., ‡d1946- ‡7jn20020126002 ‡4aut
24510. ‡aStromy : ‡bv Evropě zdomácnělé a zavedené druhy / ‡cBruno P. Kremer ; [ilustroval Hans Held ; z němčiny přeložil Josef Poláček]
260 . ‡aPraha : ‡bKnižní klub : ‡bIkar, ‡c1995
300 . ‡a287 s. : ‡bil. (většinou barev.) ; ‡c20 cm
4901 . ‡aPrůvodce přírodou
500 . ‡aTerminol. slovníček
500 . ‡aPozn. o autorech
504 . ‡aNázvový rejstřík
65007. ‡astromy ‡7ph116301 ‡zEvropa ‡2czenas
655 7. ‡afotografické publikace ‡7fd132276 ‡2czenas
655 7. ‡aatlasy ‡7fd131835 ‡2czenas
7001 . ‡aPoláček, Josef ‡7jk01100132 ‡4aui
7001 . ‡aHeld, Hans, ‡d1914-1995 ‡7xx0005084 ‡4ill
7650 . ‡tBäume ‡9Česky
830 0. ‡aPrůvodce přírodou
910 . ‡aABE463
998 . ‡a000103633
901 . ‡a22361 ‡b ‡c22361 ‡tbiblio

Additional Resources